Obrana vlasti

Bibliographic Details
Format: Serial
Language:Slovak
PhysicalDescription:2 zv. 34 x 25 cm
Published: Bratislava [s.n.] 1944-1945
Subjects:

MARC

LEADER 00000cas a2200000 a 4500
001 vtls001339585
003 SK-MaSNL
005 20260228155639.0
008 980817d19441945xo x 0 0 0slo
035 |a SNK000292657 
040 |a SNK  |b slo  |c SNK  |e AACR2 
041 0 |a slo 
044 |a xo  |c SK 
080 |a 172.1  |2 2001 
080 |a 050  |2 2011 
080 |a (051)  |2 2011 
245 0 0 |a Obrana vlasti 
260 |a Bratislava  |b [s.n.]  |c 1944-1945 
300 |a 2 zv.  |c 34 x 25 cm 
310 |a Nepravidelne 
362 0 |a 1944-1945 
655 7 |a časopisy  |2 SNKPH  |9 76610 
910 |a snk 
999 |c 55  |d 55 
952 |0 0  |1 0  |4 0  |7 0  |a SNK  |b SNK  |d 1998-08-17  |l 0  |o snkČSB 860/2/1945  |p 17A0156551  |r 2005-01-02 00:00:00  |t č. 1-6  |w 2026-02-21  |y PREZ